000 00384nam a2200133Ia 4500
008 211119s9999||||xx |||||||||||||| ||und||
082 _a823
_bIRA-C
100 _aIrani, Anosh
245 0 _aCripple and His Talismans
260 _bHarpercollins
_a2013
_cNoida
300 _a231p
650 _aEnglish Literature
_vEnglish FictionEnglish NovelsGeneralia
_xGeneral stack
942 _cBOOK
999 _c116206
_d116206